000 00575cem a2200169u 4500
082 _a943.082
_bFRA
_cD
110 2 _aWinter's (Carl) Univesitätsbuchhandlung Verlag, Heidelberg. [from old catalog]
_950187
245 0 0 _aThe France-German War, 1870-1871.
260 _a[Heidelberg,
_cn.d.]
300 _a18 p.
_bfold. maps.
_c22 cm.
526 _a0
_b0
_c0
_d943_082000000000000_FRA
526 _a0
_b0
_c0
_d943_082000000000000_FRA
526 _a0
_b0
_c0
_d943_082000000000000_FRA
526 _a0
_b0
_c0
_d943_082000000000000_FRA
650 0 _aMCE
_xMaps.
_950188
942 _2ddc
_cBK
999 _c552914
_d552914